000 00654cam a2200217 a 4500
001 000017446
003 UkOxU
005 20200929165121.0
008 880808s1962 sp 000 f spa d
035 _aoxf98401112
040 _aDO-SdBNP
_bspa
_cLDL
_dBNPHU
082 _a863.64
_bA284c
100 1 _aAgustí, Ignacio,
_d1913-1974.
_938145
245 1 0 _aLa ceniza fué arbol :
_bMariona Rebull /
_cIgnacio Agustí.
260 _aBarcelona :
_bLibrería Editorial Argos.,
_c1962.
300 _a229 p. ;
_c23 cm.
650 4 _aNovela española
_91123
650 4 _aLiteratura española
_ySIGLO XX
_93326
910 _aCatalogación derivada
049 _aBNGR
999 _c16971
_d16971